000 01114nam a2200289 c 4500
005 20200914162701.0
008 200914s2019 txua|||fr|||| 00| 0 eng d
020 _a9781477318157
040 _aCO-BoUCM
_bspa
_cDeissy Garcia
_dDeissy Garcia
041 0 _aeng
100 1 _aBessette, Alan E.
_9100974
245 1 0 _aMushrooms of the Gulf Coast States
_ba field guide to Texas, Louisiana, Mississippi, Alabama, and Florida
_cAlan E. Bessette, Arleen R. Bessette, David P. Lewis
260 _bUniversity of Texas Press
_aAustin (Texas)
_c2019
300 _axii, 614 páginas
_bilustraciones
504 _aIncluye referencias bibliográficas e índices
650 7 _919472
_aMicología
650 7 _aHongos
_zEstados del Golfo
_9100977
650 7 _aHongos
_zTexas
_9100978
650 7 _aHongos
_zLuisiana
_9100979
650 7 _aHongos
_zMississippi
_9100980
650 7 _aHongos
_zAlabama
_9100981
650 7 _aHongos
_zFlorida
_9100982
700 1 _9100975
_aBessette, Arleen R.
700 1 _9100976
_aLewis, David P.
942 _cLIBRO
_n0
_2DEWEY
_a25
_e1
_h589.2
_mB558m
999 _c317857
_d317857